<?xml version="1.0" encoding="UTF-8"?>
<record
    xmlns:xsi="http://www.w3.org/2001/XMLSchema-instance"
    xsi:schemaLocation="http://www.loc.gov/MARC21/slim http://www.loc.gov/standards/marcxml/schema/MARC21slim.xsd"
    xmlns="http://www.loc.gov/MARC21/slim">

  <leader>00631    a2200205   4500</leader>
  <datafield tag="999" ind1=" " ind2=" ">
    <subfield code="c">8327</subfield>
    <subfield code="d">8327</subfield>
  </datafield>
  <controlfield tag="003">GBCCL</controlfield>
  <controlfield tag="005">20241126110648.0</controlfield>
  <controlfield tag="008">191128b           ||||| |||| 00| 0 eng d</controlfield>
  <datafield tag="020" ind1=" " ind2=" ">
    <subfield code="a">9789386127846 </subfield>
  </datafield>
  <datafield tag="040" ind1=" " ind2=" ">
    <subfield code="c">GBC</subfield>
  </datafield>
  <datafield tag="082" ind1=" " ind2=" ">
    <subfield code="a">266.0091732</subfield>
    <subfield code="b">MAN</subfield>
  </datafield>
  <datafield tag="100" ind1=" " ind2=" ">
    <subfield code="a">Manokaran,J N </subfield>
    <subfield code="9">14493</subfield>
  </datafield>
  <datafield tag="245" ind1=" " ind2=" ">
    <subfield code="a">Christ and mission mandate for cities</subfield>
  </datafield>
  <datafield tag="260" ind1=" " ind2=" ">
    <subfield code="a">Chennai, India : </subfield>
    <subfield code="b">Word of Christ Ministries, </subfield>
    <subfield code="c">2017</subfield>
  </datafield>
  <datafield tag="300" ind1=" " ind2=" ">
    <subfield code="a">230 pages ;</subfield>
    <subfield code="b">22 cm</subfield>
  </datafield>
  <datafield tag="650" ind1=" " ind2=" ">
    <subfield code="a">City churches. </subfield>
    <subfield code="9">2402</subfield>
  </datafield>
  <datafield tag="650" ind1=" " ind2=" ">
    <subfield code="a">Cities and towns -- Religious aspects -- Christianity. </subfield>
    <subfield code="9">14494</subfield>
  </datafield>
  <datafield tag="650" ind1=" " ind2=" ">
    <subfield code="a">Missions. Missions -- India. </subfield>
    <subfield code="9">14495</subfield>
  </datafield>
  <datafield tag="942" ind1=" " ind2=" ">
    <subfield code="2">ddc</subfield>
    <subfield code="c">BK</subfield>
    <subfield code="0">46</subfield>
  </datafield>
  <datafield tag="952" ind1=" " ind2=" ">
    <subfield code="0">0</subfield>
    <subfield code="1">0</subfield>
    <subfield code="2">ddc</subfield>
    <subfield code="4">0</subfield>
    <subfield code="7">0</subfield>
    <subfield code="a">GBC</subfield>
    <subfield code="b">GBC</subfield>
    <subfield code="c">MNMS</subfield>
    <subfield code="d">2019-11-28</subfield>
    <subfield code="e">18</subfield>
    <subfield code="g">135.00</subfield>
    <subfield code="l">17</subfield>
    <subfield code="o">266.0091732 MAN</subfield>
    <subfield code="p">013663</subfield>
    <subfield code="r">2026-03-27 12:58:27</subfield>
    <subfield code="s">2026-03-24</subfield>
    <subfield code="t">c.1</subfield>
    <subfield code="v">150.00</subfield>
    <subfield code="w">2019-11-28</subfield>
    <subfield code="y">BK</subfield>
  </datafield>
  <datafield tag="952" ind1=" " ind2=" ">
    <subfield code="0">0</subfield>
    <subfield code="1">0</subfield>
    <subfield code="2">ddc</subfield>
    <subfield code="4">0</subfield>
    <subfield code="7">0</subfield>
    <subfield code="a">GBC</subfield>
    <subfield code="b">GBC</subfield>
    <subfield code="c">MNMS</subfield>
    <subfield code="d">2019-11-28</subfield>
    <subfield code="e">18</subfield>
    <subfield code="g">135.00</subfield>
    <subfield code="l">8</subfield>
    <subfield code="m">1</subfield>
    <subfield code="o">266.0091732 MAN</subfield>
    <subfield code="p">013664</subfield>
    <subfield code="r">2026-02-02 11:06:09</subfield>
    <subfield code="s">2026-01-28</subfield>
    <subfield code="t">c.2</subfield>
    <subfield code="v">150.00</subfield>
    <subfield code="w">2019-11-28</subfield>
    <subfield code="y">BK</subfield>
  </datafield>
  <datafield tag="952" ind1=" " ind2=" ">
    <subfield code="0">0</subfield>
    <subfield code="1">0</subfield>
    <subfield code="2">ddc</subfield>
    <subfield code="4">0</subfield>
    <subfield code="7">0</subfield>
    <subfield code="a">GBC</subfield>
    <subfield code="b">GBC</subfield>
    <subfield code="c">MNMS</subfield>
    <subfield code="d">2019-11-28</subfield>
    <subfield code="e">18</subfield>
    <subfield code="g">135.00</subfield>
    <subfield code="l">9</subfield>
    <subfield code="m">6</subfield>
    <subfield code="o">266.0091732 MAN</subfield>
    <subfield code="p">013665</subfield>
    <subfield code="r">2026-01-14 13:08:57</subfield>
    <subfield code="s">2026-01-14</subfield>
    <subfield code="t">c.3</subfield>
    <subfield code="v">150.00</subfield>
    <subfield code="w">2019-11-28</subfield>
    <subfield code="y">BK</subfield>
  </datafield>
  <datafield tag="952" ind1=" " ind2=" ">
    <subfield code="0">0</subfield>
    <subfield code="1">0</subfield>
    <subfield code="2">ddc</subfield>
    <subfield code="4">0</subfield>
    <subfield code="7">0</subfield>
    <subfield code="a">GBC</subfield>
    <subfield code="b">GBC</subfield>
    <subfield code="c">MNMS</subfield>
    <subfield code="d">2019-11-28</subfield>
    <subfield code="e">18</subfield>
    <subfield code="g">135.00</subfield>
    <subfield code="l">9</subfield>
    <subfield code="o">266.0091732 MAN</subfield>
    <subfield code="p">013666</subfield>
    <subfield code="r">2026-02-17 10:08:37</subfield>
    <subfield code="s">2026-02-11</subfield>
    <subfield code="t">c.4</subfield>
    <subfield code="v">150.00</subfield>
    <subfield code="w">2019-11-28</subfield>
    <subfield code="y">BK</subfield>
  </datafield>
  <datafield tag="952" ind1=" " ind2=" ">
    <subfield code="0">0</subfield>
    <subfield code="1">0</subfield>
    <subfield code="2">ddc</subfield>
    <subfield code="4">0</subfield>
    <subfield code="7">0</subfield>
    <subfield code="a">GBC</subfield>
    <subfield code="b">GBC</subfield>
    <subfield code="c">MNMS</subfield>
    <subfield code="d">2019-11-28</subfield>
    <subfield code="e">18</subfield>
    <subfield code="g">135.00</subfield>
    <subfield code="l">9</subfield>
    <subfield code="o">266.0091732 MAN</subfield>
    <subfield code="p">013667</subfield>
    <subfield code="r">2026-03-27 13:03:06</subfield>
    <subfield code="s">2026-03-24</subfield>
    <subfield code="t">c.5</subfield>
    <subfield code="v">150.00</subfield>
    <subfield code="w">2019-11-28</subfield>
    <subfield code="y">BK</subfield>
  </datafield>
  <datafield tag="952" ind1=" " ind2=" ">
    <subfield code="0">0</subfield>
    <subfield code="1">0</subfield>
    <subfield code="2">ddc</subfield>
    <subfield code="4">0</subfield>
    <subfield code="7">0</subfield>
    <subfield code="a">GBC</subfield>
    <subfield code="b">GBC</subfield>
    <subfield code="c">MNMS</subfield>
    <subfield code="d">2019-11-28</subfield>
    <subfield code="e">18</subfield>
    <subfield code="g">135.00</subfield>
    <subfield code="l">10</subfield>
    <subfield code="m">1</subfield>
    <subfield code="o">266.0091732 MAN</subfield>
    <subfield code="p">013668</subfield>
    <subfield code="r">2026-03-27 11:41:21</subfield>
    <subfield code="s">2026-03-24</subfield>
    <subfield code="t">c.6</subfield>
    <subfield code="v">150.00</subfield>
    <subfield code="w">2019-11-28</subfield>
    <subfield code="y">BK</subfield>
  </datafield>
  <datafield tag="952" ind1=" " ind2=" ">
    <subfield code="0">0</subfield>
    <subfield code="1">0</subfield>
    <subfield code="2">ddc</subfield>
    <subfield code="4">0</subfield>
    <subfield code="7">0</subfield>
    <subfield code="a">GBC</subfield>
    <subfield code="b">GBC</subfield>
    <subfield code="c">MNMS</subfield>
    <subfield code="d">2019-11-28</subfield>
    <subfield code="e">18</subfield>
    <subfield code="g">135.00</subfield>
    <subfield code="l">14</subfield>
    <subfield code="m">7</subfield>
    <subfield code="o">266.0091732 MAN</subfield>
    <subfield code="p">013669</subfield>
    <subfield code="r">2026-04-08 15:01:18</subfield>
    <subfield code="s">2025-10-16</subfield>
    <subfield code="t">c.7</subfield>
    <subfield code="v">150.00</subfield>
    <subfield code="w">2019-11-28</subfield>
    <subfield code="y">BK</subfield>
  </datafield>
  <datafield tag="952" ind1=" " ind2=" ">
    <subfield code="0">0</subfield>
    <subfield code="1">0</subfield>
    <subfield code="2">ddc</subfield>
    <subfield code="4">0</subfield>
    <subfield code="7">0</subfield>
    <subfield code="a">GBC</subfield>
    <subfield code="b">GBC</subfield>
    <subfield code="c">MNMS</subfield>
    <subfield code="d">2019-11-28</subfield>
    <subfield code="e">18</subfield>
    <subfield code="g">135.00</subfield>
    <subfield code="l">15</subfield>
    <subfield code="m">3</subfield>
    <subfield code="o">266.0091732 MAN</subfield>
    <subfield code="p">013670</subfield>
    <subfield code="r">2026-01-19 14:56:51</subfield>
    <subfield code="s">2026-01-19</subfield>
    <subfield code="t">c.8</subfield>
    <subfield code="v">150.00</subfield>
    <subfield code="w">2019-11-28</subfield>
    <subfield code="y">BK</subfield>
  </datafield>
</record>
